000 00406nam a22001457a 4500
082 _a491.593
_bKHA
_cL-29, P-6
100 _aKhan, Qazi Rahimullah
_938923
245 _aThe Modern Pushtu Instructor
250 _a2nd
260 _aPeshawar
_bThe Imperial (Elec.) Press, Govt. Printers
_c1938
300 _avi, 347.p
526 _a0
_b0
_c0
_d491_593000000000000_KHA
650 _aMCE
_9379
942 _2ddc
_cBK
999 _c543530
_d543530